000 00391nam a2200145Ia 4500
008 211109s9999||||xx |||||||||||||| ||und||
082 _a894.8121
_bUNN-N
100 _aUnnai Warriyar,
245 0 _aNalacharitham
260 _bDC Books
_aKottayam
_c1962
300 _a231p
630 _xGENERAL STACK
650 _aMALAYALAM
_vMALAYALAM LITERATURE
_xMALAYALAM POETRYMalayalam
942 _cBOOK
999 _c41274
_d41274